000 00488nam a2200181Ia 4500
001 9901
005 20260306161752.0
008 260306t2014||||xx |||||||||||||| ||spa||
041 _aESP
082 _a808.066
_bS29
100 _aSchuster, Ethel
_eAUT
245 0 _aWriting scientific papers in english successfully:
_byour complete roadmap: your complete roadmap
260 _c2014
300 _a192 páginas :
_c23 cm.
650 _aGEN
654 _aCHU
942 _cLIB
_dJUS
_fJUS
_2ddc
_n
999 _c9901
_d9901